01448cam a2200385 a 4500001001400000005001700014008004100031020003200072035001700104040002500121041000800146044001100154072005000165072004700215080002200262080001900284080001900303245011700322260003600439300001800475500005600493500003400549655002800583655002500611655003100636655002700667655002000694655002700714700004300741700003700784700006800821700006700889700005000956700005601006vtls00128949520250926100741.0240322s1997 xo a gr 000 d slo  a8085718367q(brožované) aSNK000241117 aSNKbslocSNKeAACR20 aslo axocSK 7a821.162.4xSlovenská literatúra2konspekt 7a821.162.4-2xSlovenská dráma2konspekt a821.162.4-222011 a(0:82-2)22011 a(082.21)2201100aSlovenská dráma 1996b[zborník divadelných hier]c[zostavil a redakčne pripravil Andrej Maťašík] aBratislavabTália-pressc1997 a191 s.c21 cm aÚdaj o zostavovateľovi prevzatý z frontispice aObsahuje 5 divadelných hier 7aTheatre plays2SNKPHeng 7aSelections2SNKPHeng 7aslovenské drámy2SNKPH 7adivadelné hry2SNKPH 7avýbery2SNKPH 7aSlovak drama2SNKPHeng1 aMaťašík, Andrej,d1953-20174com12aHolub, Ivan,d1964-tPohreb4aut12aScherhaufer, Peter,d1942-1999tKde leží naša bieda?4aut12aČičvák, Martin,d1975-tDom, kde sa to robí dobre4aut12aOľha, Matúš,d1959-tNeprebudený4aut12aKukučín, Martin,d1860-1928tNeprebudený4aut